[Event "Panevezys op 25th"]
[Site "Panevezys"]
[Date "2012.08.14"]
[Round "2"]
[White "Jurkunas, Marijus"]
[Black "Galuscak, Viktoras"]
[Result "1/2-1/2"]
[WhiteElo "1817"]
[BlackElo "1829"]
[PlyCount "103"]
[EventDate "2012.08.13"]
[EventType "swiss"]
[EventRounds "9"]
[EventCountry "LTU"]
[SourceTitle "CBM 149 Extra"]
[Source "ChessBase"]
[SourceDate "2012.08.24"]
[SourceVersion "1"]
[SourceVersionDate "2012.08.24"]
[SourceQuality "1"]

1. d4 Nf6 2. c4 c5 3. d5 b5 4. Nc3 b4 5. Nb1 g6 6. Qc2 Bg7 7. Nf3 d6 8. e4 Nbd7 9. Bd3 Ng4 10. 0-0 0-0 11. Bf4 Nge5 12. Nxe5 Nxe5 13. Be2 a5 14. Nd2 a4 15. Rad1 a3 16. b3 Ra7 17. Bg3 g5 18. f4 Ng4 19. Bxg4 Bxg4 20. Nf3 Bxf3 21. Rxf3 g4 22. Rff1 f5 23. e5 Qe8 24. Qe2 Qg6 25. exd6 exd6 26. Qe6+ Qxe6 27. dxe6 Bd4+ 28. Bf2 Re8 29. Bxd4 cxd4 30. Rfe1 Rae7 31. Rxd4 Rxe6 32. Rxe6 Rxe6 33. Kf2 Kf7 34. Rd5 Kf6 35. g3 h5 36. Rd2 Ke7 37. Rd4 Kf6 38. Rd5 h4 39. Rd3 h3 40. Rd5 Kg6 41. Rb5 Re4 42. Rb6 Rd4 43. Ke3 Rd1 44. c5 Re1+ 45. Kd3 Kf7 46. Rxd6 Ra1 47. Rd4 Rxa2 48. c6 Rd2+ 49. Kxd2 a2 50. c7 a1Q 51. Rc4 Qb2+ 52. Ke1 1/2-1/2